Introduction to Analysis (Record no. 5168)

MARC details
000 -LEADER
fixed length control field 00578nam a22002177a 4500
003 - CONTROL NUMBER IDENTIFIER
control field OSt
005 - DATE AND TIME OF LATEST TRANSACTION
control field 20160907144147.0
008 - FIXED-LENGTH DATA ELEMENTS--GENERAL INFORMATION
fixed length control field 160907b xxu||||| |||| 00| 0 eng d
020 ## - INTERNATIONAL STANDARD BOOK NUMBER
International Standard Book Number 9781292039329
040 ## - CATALOGING SOURCE
Transcribing agency DDC
082 ## - DEWEY DECIMAL CLASSIFICATION NUMBER
Classification number 515 WAD 2014
100 ## - MAIN ENTRY--PERSONAL NAME
Personal name Wade, William R.
9 (RLIN) 11019
245 ## - TITLE STATEMENT
Title Introduction to Analysis
250 ## - EDITION STATEMENT
Edition statement 4th ed.
260 ## - PUBLICATION, DISTRIBUTION, ETC. (IMPRINT)
Place of publication, distribution, etc. Edinburgh; Pearson Education, 2014
300 ## - PHYSICAL DESCRIPTION
Extent ii,644p; ill: 28cm
504 ## - BIBLIOGRAPHY, ETC. NOTE
Bibliography, etc References, answers, & index included
650 ## - SUBJECT ADDED ENTRY--TOPICAL TERM
Topical term or geographic name as entry element Analysis
9 (RLIN) 3796
650 ## - SUBJECT ADDED ENTRY--TOPICAL TERM
Topical term or geographic name as entry element Mathematical analysis
9 (RLIN) 2757
942 ## - ADDED ENTRY ELEMENTS (KOHA)
Source of classification or shelving scheme Dewey Decimal Classification
Koha item type Book Bank
Holdings
Withdrawn status Lost status Source of classification or shelving scheme Damaged status Not for loan Home library Current library Date acquired Source of acquisition Inventory number Total Checkouts Full call number Barcode Date last seen Koha item type
    Dewey Decimal Classification     MUST Main Library MUST Main Library 07/09/2016   16/39905   515 WAD 2014 2016-4094 07/09/2016 Book Bank
    Dewey Decimal Classification     MUST Main Library MUST Main Library 07/09/2016   16/39906   515 WAD 2014 2016-4095 07/09/2016 Book Bank
    Dewey Decimal Classification     MUST Main Library MUST Main Library 07/09/2016   16/39907   515 WAD 2014 2016-4096 07/09/2016 Book Bank
    Dewey Decimal Classification     MUST Main Library MUST Main Library 07/09/2016   16/39908   515 WAD 2014 2016-4097 07/09/2016 Book Bank
    Dewey Decimal Classification     MUST Main Library MUST Main Library 07/09/2016   16/39909   515 WAD 2014 2016-4098 07/09/2016 Book Bank
    Dewey Decimal Classification     MUST Main Library MUST Main Library 07/09/2016   16/399910   515 WAD 2014 2016-4100 07/09/2016 Book Bank